<?xml version="1.0" encoding="UTF-8"?>
<marc:record xmlns:marc="http://www.loc.gov/MARC21/slim">
   <marc:leader>00000nam a2200000 a 4500</marc:leader>
   <marc:datafield ind1="1" ind2=" " tag="100">
      <marc:subfield code="a">Kallmaker, Karin</marc:subfield>
      <marc:subfield code="4">aut</marc:subfield>
      <marc:subfield code="e">Verfasser/-in</marc:subfield>
   </marc:datafield>
   <marc:datafield ind1="1" ind2=" " tag="100">
      <marc:subfield code="a">Kallmaker, Karin</marc:subfield>
   </marc:datafield>
   <marc:datafield ind1=" " ind2=" " tag="653">
      <marc:subfield code="a">Lesbische Liebe</marc:subfield>
   </marc:datafield>
   <marc:datafield ind1=" " ind2=" " tag="653">
      <marc:subfield code="a">Erzählungen</marc:subfield>
   </marc:datafield>
   <marc:datafield ind1=" " ind2=" " tag="653">
      <marc:subfield code="a">Lesbe Frau Liebesroman Lesbenroman Lesbenliteratur Frauenliebe Romanze Coming-out</marc:subfield>
   </marc:datafield>
   <marc:datafield ind1=" " ind2=" " tag="653">
      <marc:subfield code="a">Fiktionale Darstellung</marc:subfield>
   </marc:datafield>
   <marc:datafield ind1=" " ind2=" " tag="653">
      <marc:subfield code="a">Belletristische Darstellung</marc:subfield>
   </marc:datafield>
   <marc:datafield ind1="0" ind2="0" tag="245">
      <marc:subfield code="a">Ins Licht der Liebe</marc:subfield>
   </marc:datafield>
   <marc:datafield ind1="0" ind2="0" tag="245">
      <marc:subfield code="b">Roman</marc:subfield>
   </marc:datafield>
   <marc:datafield ind1="0" ind2="0" tag="245">
      <marc:subfield code="c">Karin Kallmaker. Aus dem amerikan. Englisch von Andrea Krug</marc:subfield>
   </marc:datafield>
   <marc:datafield ind1=" " ind2="1" tag="264">
      <marc:subfield code="a">Berlin</marc:subfield>
      <marc:subfield code="b">Krug und Schadenberg</marc:subfield>
      <marc:subfield code="c">2006</marc:subfield>
   </marc:datafield>
   <marc:datafield ind1=" " ind2=" " tag="250">
      <marc:subfield code="a">1. Aufl.</marc:subfield>
   </marc:datafield>
   <marc:datafield ind1="1" ind2=" " tag="520">
      <marc:subfield code="a">Angaben aus der Verlagsmeldung

Ins Licht der Liebe Substitute for Love / von Karin Kallmaker

Aus heiterem Himmel steht Holly Markhams Leben Kopf: Als sie sich mit einer gemobbten lesbischen Kollegin solidarisch erklärt, wird sie gefeuert. Clay, ihr Lebensgefährte, findet ihr Verhalten unüberlegt und unklug. Holly fällt aus allen Wolken. Sie gerät ins Nachdenken. Ihren Job als Versicherungsmathematikerin hatte sie ohnehin satt. Und Clay im Grunde auch. Holly beschließt, ihren Master in Mathematik-zu machen und der wachsenden Faszination nachzugehen, die sie für Frauen empfindet. Und eines Abends begegnet ihr in einer Bar die schöne, geheimnisvolle Reyna ...
Reyna Putnam wird von ihrem Vater, einem einflussreichen, politisch ambitionierten Radiomoderator, für seine Zwecke eingespannt. Er zwingt seine Tochter, ihr Lesbischsein zu verleugnen und antihomosexuelle Propaganda zu betreiben. Als Druckmittel benutzt er die unheilbare Krankheit ihrer Mutter, seiner ehemaligen Geliebten, deren Behandlung Unsummen verschlingt ...
Reyna ist von Holly ebenso fasziniert wie Holly von ihr. Und doch scheint es keine Möglichkeit zu geben, diese Liebe Wirklichkeit werden zu lassen ...
</marc:subfield>
   </marc:datafield>
   <marc:datafield ind1=" " ind2=" " tag="020">
      <marc:subfield code="a">9783930041510</marc:subfield>
      <marc:subfield code="9">9783930041510</marc:subfield>
   </marc:datafield>
   <marc:datafield ind1=" " ind2=" " tag="020">
      <marc:subfield code="a">3930041510</marc:subfield>
      <marc:subfield code="9">3930041510</marc:subfield>
   </marc:datafield>
   <marc:datafield ind1=" " ind2=" " tag="041">
      <marc:subfield code="a">ger</marc:subfield>
   </marc:datafield>
   <marc:datafield ind1=" " ind2=" " tag="300">
      <marc:subfield code="a">328 S.</marc:subfield>
   </marc:datafield>
</marc:record>
